|
|
|
|
| LEADER |
03042nam a2200337 a 4500 |
| 001 |
00024173 |
| 008 |
120624s2011 bg f000 1 mul d |
| 999 |
|
|
|c 12420
|d 12420
|
| 040 |
|
|
|a BD-DhAAL
|c BD-DhAAL
|
| 041 |
0 |
|
|a engben
|
| 082 |
0 |
0 |
|a 342.5492023
|2 22
|
| 245 |
0 |
0 |
|a গণপ্রজাতন্ত্রী বাংলাদেশের সংবিধান
|
| 246 |
0 |
|
|a The Constitution of the People's Republic of Bangladesh
|
| 260 |
|
|
|a ঢাকা :
|b আইন, বিচার ও সংসদ বিষয়ক মণ্ত্রণালয়,
|c ২০১১
|
| 300 |
|
|
|a vii, ২২৫ পৃষ্ঠা ;
|c ২৫ সে.মি.
|
| 541 |
|
|
|e 00024173
|
| 650 |
|
0 |
|a Constitutions
|z Bangladesh.
|9 29774
|
| 710 |
2 |
|
|a আইন, বিচার ও সংসদ বিষয়ক মণ্ত্রণালয়
|9 29775
|
| 852 |
1 |
|
|a Ayesha Abed Library
|j General shelf
|
| 942 |
0 |
0 |
|0 2
|2 ddc
|c BK
|
| 952 |
|
|
|0 0
|1 0
|2 ddc
|4 0
|6 342_549202300000000_CON
|7 0
|9 20556
|a BRACUL
|b BRACUL
|c GEN
|d 2012-06-25
|l 16
|m 84
|o 342.5492023 CON
|p 3010024173
|r 2024-10-20
|s 2024-10-02
|t 1
|w 2012-06-25
|y BK
|
| 952 |
|
|
|0 0
|1 4
|2 ddc
|4 0
|6 342_549202300000000_CON
|7 0
|9 20557
|a BRACUL
|b BRACUL
|c GEN
|d 2012-06-25
|l 15
|m 103
|o 342.5492023 CON
|p 3010024174
|r 2019-08-21
|s 2019-08-21
|t 2
|w 2012-06-25
|y BK
|x Koha Inventory 2020
|
| 952 |
|
|
|0 0
|1 0
|2 ddc
|4 1
|6 342_549202300000000_CON
|7 0
|9 20558
|a BRACUL
|b BRACUL
|c SPS
|d 2012-06-25
|l 8
|m 38
|o 342.5492023 CON
|p 3010024175
|r 2017-04-16
|s 2017-02-26
|t 3
|w 2012-06-25
|y BK
|x Photocopy Book. Declared as Damaged on December 10, 2023
|
| 952 |
|
|
|0 0
|1 4
|2 ddc
|4 0
|6 342_549202300000000_CON
|7 0
|9 20559
|a BRACUL
|b BRACUL
|c GEN
|d 2012-06-25
|l 5
|m 10
|o 342.5492023 CON
|p 3010024176
|r 2015-06-18
|s 2015-06-18
|t 4
|w 2012-06-25
|y BK
|x Koha Inventory 2020
|
| 952 |
|
|
|0 0
|1 0
|2 ddc
|4 0
|6 342_549202300000000_CON
|7 0
|9 54463
|a SCL
|b SCL
|c GEN
|d 2015-06-23
|g 266.00
|l 5
|m 15
|o 342.5492023 CON
|p 3020007890
|r 2024-09-20
|s 2024-09-13
|t 5
|w 2015-06-23
|y BK
|
| 952 |
|
|
|0 0
|1 0
|2 ddc
|4 0
|6 342_549202300000000_CON
|7 0
|9 55760
|a SCL
|b SCL
|c GEN
|d 2015-09-07
|g 360.00
|l 5
|m 5
|o 342.5492023 CON
|p 3020008065
|r 2024-03-28
|s 2024-03-28
|t 6
|w 2015-09-07
|y BK
|
| 952 |
|
|
|0 0
|1 0
|2 ddc
|4 0
|6 342_549202300000000_CON
|7 0
|9 55761
|a SCL
|b SCL
|c GEN
|d 2015-09-07
|g 266.00
|l 9
|m 15
|o 342.5492023 CON
|p 3020007891
|r 2024-04-04
|s 2024-03-28
|t 7
|w 2015-09-07
|y BK
|
| 952 |
|
|
|0 0
|1 0
|2 ddc
|4 0
|6 342_549202300000000_CON
|7 0
|9 55762
|a SCL
|b SCL
|c GEN
|d 2015-09-07
|g 360.00
|l 2
|o 342.5492023 CON
|p 3020008064
|r 2026-02-07
|s 2026-02-05
|t 8
|w 2015-09-07
|y BK
|
| 952 |
|
|
|0 0
|1 0
|2 ddc
|4 0
|6 342_549202300000000_CON
|7 0
|9 63336
|a SCL
|b SCL
|c GEN
|d 2018-05-20
|e Development Book Agency
|g 475.00
|l 10
|m 12
|o 342.5492023 CON
|p 3020009709
|r 2024-09-22
|s 2024-09-19
|t 9
|w 2018-05-20
|y BK
|
| 952 |
|
|
|0 0
|1 0
|2 ddc
|4 0
|6 342_549202300000000_CON
|7 0
|9 63337
|a SCL
|b SCL
|c GEN
|d 2018-05-20
|e Development Book Agency
|g 475.00
|l 10
|m 5
|o 342.5492023 CON
|p 3020009708
|q 2026-08-19
|r 2025-09-02
|s 2025-09-02
|t 10
|w 2018-05-20
|y BK
|
| 952 |
|
|
|0 0
|1 0
|2 ddc
|4 0
|6 342_549202300000000_CON
|7 0
|9 63338
|a SCL
|b SCL
|c GEN
|d 2018-05-20
|e Development Book Agency
|g 475.00
|l 11
|m 14
|o 342.5492023 CON
|p 3020009710
|r 2025-12-07
|s 2024-11-19
|t 11
|w 2018-05-20
|y BK
|